00448nam a2200145Ia 4500003000400000005001700004008004100021040000900062082001500071100004400086245007800130260006000208300000900268650002500277OSt20201211122749.0190216s9999||||xx |||||||||||||| ||und|| coclc a378bASS/T aAssociation Of Indian University Author 0aThree Aspects Of University Education /cAssociation Of Indian University bAssociation Of Indian Universities,c1992.aNew Delhi: a203p aUniversity Education